Membres de la famille dans un titre de film - Statistiques

Statistiques générales
  • Ce quiz a été pris 457 fois
  • Le résultat moyen est 9 sur 12
Statistiques - réponses
Indices Membre % Correct
1990 Macaulay Culkin : ___, j'ai raté l'avion ! Maman
100%
1995 Les Inconnus : Les 3 ___ Frères
95%
2015 Laurent Lafitte, Marina Foïs : ___ ou Maman Papa
92%
1963 Lino Ventura, Bernard Blier : Les ___ flingueurs Tontons
90%
1991 Gérard Depardieu, Marie Gillain : Mon ___ ce héros Père
86%
1990 Du roman de Marcel Pagnol : Le château de ma ___ Mère
85%
1983 J.Villeret, M. Lamotte, C. Clavier : ___ fait de la résistance Papy
84%
1986 Woody Allen, Mia Farrow : Hannah ou ses ___ Soeurs
73%
1980 Gérard Depardieu, Nicole Garcia : Mon ___ d'Amérique Oncle
67%
2019 Chantal Ladesou : C'est quoi cette ___ ?! Mamie
53%
2000 Ben Stiller, Robert de Niro : Mon ___ et moi Beau-Père
46%
1997 Alain Chabat, Patrick Timsit : Le ___ Cousin
30%
Aucun quiz correspondant
Distribution des résultats
% des personnes avec chaque résultat
Percentile par nombre de réponses
Votre historique - résultats
Vous n’avez pas pris ce quiz